| 000 | 00640nam a22001937a 4500 | ||
|---|---|---|---|
| 003 | NUST-PNEC | ||
| 005 | 20170116180743.0 | ||
| 008 | 150106b xxu||||| |||| 00| 0 eng d | ||
| 040 | _cPNEC | ||
| 082 | _a150 WOO | ||
| 100 |
_91178 _aWoodworth, R.S. |
||
| 245 |
_aPsychology _cR.S. Woodworth & D.G. Marquis |
||
| 260 |
_aLondon: _bUniversity Paperbacks; _cc1965. |
||
| 300 |
_a674 p. : _c20 cm. |
||
| 500 | _aIncludes Index | ||
| 650 | _xGeneral | ||
| 856 | _uhttp://www.amazon.com/Psychology-R-S-Marquis-Woodworth/dp/B004N92764/ref=sr_1_11?s=books&ie=UTF8&qid=1420530875&sr=1-11&keywords=PSYCHOLOGY+BY+R.S.+WOODWORTH | ||
| 942 |
_2ddc _cBK |
||
| 999 |
_c62256 _d62256 |
||